000 00518nam a2200193Ia 4500
003 GCL
008 140319s9999 xx 000 0 ara d
040 _aGCL /
_cGCL
082 0 4 _aط
_b372.216
_bس ه
100 1 _aشركة سفير
245 1 0 _aالرياضيات /
_cشركة سفير
260 _a[S.N] :
_bشركة سفير
300 _a47 ص
490 _aهيا نتسلى مع
_v0
650 0 4 _aالاطفال
650 0 4 _aتعليم الاطفال
650 0 4 _aالرياضيات
942 _2ddc
_cBK
999 _c57474
_d57474